000 01399nam a2200301Ia 4500
001 11420
003 IT-RoPAU
008 130308s9999 xx 000 0 und d
040 _aIT-RoPAU
040 _cIT-RoPAU
041 _aITALIANO
100 _aDacos Nicole
100 _gCodice Aut. SPICS: 7638
245 _aArte italiana e arte antica
245 _bStoria dell'arte Italiana-3-L'Esperienza dell'Antico, dell'Europa, della Religiosita'
250 _a1a ed.
260 _aTORINO
260 _bEinaudi
260 _c1979 [1° Ed.:1979 - Ed.Ling.Originale:1979]
300 _a"66 p. (prefazione: no ; testo: 66 [pagine: 3-68])"
500 _aIconologia e Conoscenza Ghiberti Valore progressista del ritorno All'Antico di Brunelleschi e Donatello Leon Battista Alberti Ellenismo Privo di Archeologia di Masaccio e Piero della Francesca Teoria della Disgiunzione di Panofsky Scoperta della Domus Aurea classicismo di Giulio Ii Bramante e Raffaello Michelangelo e rottura con Il classicismo Cultura veneziana Pirro Ligorio Caravaggio e Annibale Carracci Poussin e Cassiano dal Pozzo Bernini e corrente barocca Accademismo e ispirazione libera nel Settecento Antichità Aberrante del Piranesi Avanguardie e Cultura Antica
650 _aSTORIA UNIVERSALE DELLE ARTI VISIVE
650 _eCodice materia Spics: 5009
942 _cBK
957 _71
999 _c47279
_d47279
999 _bSI
999 _g1